[Event "54th Rubinstein Memorial-A 2018"]
[Site "Polanica-Zdroj"]
[Date "2018.08.21"]
[Round "4"]
[White "Bukojemski, Adam"]
[Black "Adamczewski, Maciej"]
[Result "1-0"]
[WhiteElo "2233"]
[BlackElo "2061"]
[Annotator "NA"]
[PlyCount "97"]
[EventDate "2018.08.18"]
[EventType "swiss"]
[EventCountry "POL"]
[SourceTitle "playchess.com"]
[Source "ChessBase"]
[SourceQuality "1"]
[TimeControl "40/5400+30:1800+30"]

1. e4 {[%emt 0:04:25]} e6 {[%emt 0:00:00]} 2. d4 {[%emt 0:00:21]} d5 {[%emt 0:00:00]} 3. Nc3 {[%emt 0:00:10]} Nf6 {[%emt 0:00:00]} 4. e5 {[%emt 0:00:35]} Nfd7 {[%emt 0:00:01]} 5. f4 {[%emt 0:00:12]} c5 {[%emt 0:00:05]} 6. Nf3 {[%emt 0:00:10]} Nc6 {[%emt 0:00:07]} 7. Be3 {[%emt 0:00:08]} Be7 {[%emt 0:00:17]} 8. Qd2 {[%emt 0:01:16]} O-O {[%emt 0:00:10]} 9. dxc5 {[%emt 0:00:31]} Qa5 {[%emt 0:01:58]} 10. O-O-O {[%emt 0:01:47]} b6 {[%emt 0:00:30]} 11. Bb5 {[%emt 0:07:28]} Bb7 {[%emt 0:01:22]} 12. Kb1 {[%emt 0:00:42]} Bxc5 {[%emt 0:04:31]} 13. Bxc5 {[%emt 0:04:42]} Nxc5 {[%emt 0:01:55]} 14. Bxc6 {[%emt 0:02:48]} Bxc6 {[%emt 0:00:12]} 15. Nd4 {[%emt 0:00:21]} Rac8 {[%emt 0:02:43]} 16. h4 {[%emt 0:00:28]} f6 {[%emt 0:08:30]} 17. Qe3 {[%emt 0:01:30]} f5 {[%emt 0:15:15]} 18. g4 {[%emt 0:00:45]} fxg4 {[%emt 0:01:58]} 19. h5 {[%emt 0:02:34]} b5 {[%emt 0:01:05]} 20. Rdg1 {[%emt 0:07:10]} b4 {[%emt 0:03:36]} 21. Nce2 {[%emt 0:00:13]} Bb5 {[%emt 0:01:42]} 22. Nc1 {[%emt 0:03:09]} Ne4 {[%emt 0:07:15]} 23. Rxg4 {[%emt 0:01:41]} Qb6 {[%emt 0:20:52]} 24. Rhg1 {[%emt 0:03:28]} Rf7 {[%emt 0:02:11]} 25. R1g2 {[%emt 0:05:51]} Bf1 {[%emt 0:05:51]} 26. Rg1 {[%emt 0:13:47]} Bc4 {[%emt 0:07:21]} 27. R4g2 {[%emt 0:03:21]} Kh8 {[%emt 0:02:50]} 28. Rg6 {[%emt 0:10:44]} Re8 {[%emt 0:01:17]} 29. f5 {[%emt 0:00:49]} hxg6 {[%emt 0:02:54]} 30. hxg6 {[%emt 0:01:05]} Rxf5 {[%emt 0:00:14]} 31. Rh1+ {[%emt 0:04:20]} Kg8 {[%emt 0:00:06]} 32. Qh3 {[%emt 0:00:11]} Kf8 {[%emt 0:00:08]} 33. Qh8+ {[%emt 0:04:32]} Ke7 {[%emt 0:00:04]} 34. Qxg7+ {[%emt 0:00:59]} Kd8 {[%emt 0:00:04]} 35. Rh7 {[%emt 0:00:27]} Nc5 {[%emt 0:02:48]} 36. Nxf5 {[%emt 0:07:22]} exf5 {[%emt 0:00:05]} 37. Qf6+ {[%emt 0:00:16]} Qxf6 {[%emt 0:03:18]} 38. exf6 {[%emt 0:00:02]} d4 {[%emt 0:00:37]} 39. f7 {[%emt 0:00:43]} Bxf7 {[%emt 0:00:27]} 40. Rxf7 {[%emt 0:00:00]} Rg8 {[%emt 0:00:00]} 41. Rxf5 {[%emt 0:02:36]} Ne6 {[%emt 0:08:47]} 42. Rb5 {[%emt 0:03:37]} Rxg6 {[%emt 0:01:44]} 43. Rxb4 {[%emt 0:00:15]} Rg1 {[%emt 0:03:28]} 44. b3 {[%emt 0:00:19]} Rd1 {[%emt 0:09:42]} 45. Kb2 {[%emt 0:06:10]} Nf4 {[%emt 0:00:19]} 46. Ra4 {[%emt 0:04:40]} Rd2 {[%emt 0:00:17]} 47. Rxa7 {[%emt 0:00:56]} d3 {[%emt 0:00:12]} 48. Nxd3 {[%emt 0:00:08]} Nxd3+ {[%emt 0:00:08]} 49. Kc3 {[%emt 0:00:04]} 1-0

[Event "54th Rubinstein Memorial-A 2018"]
[Site "Polanica-Zdroj"]
[Date "2018.08.21"]
[Round "4"]
[White "Lapaj, Mateusz"]
[Black "Harazinska, Magdalena"]
[Result "1/2-1/2"]
[WhiteElo "2198"]
[BlackElo "2035"]
[Annotator "NA"]
[PlyCount "91"]
[EventDate "2018.08.18"]
[EventType "swiss"]
[EventCountry "POL"]
[SourceTitle "playchess.com"]
[Source "ChessBase"]
[SourceQuality "1"]
[TimeControl "40/5400+30:1800+30"]

1. e4 {[%emt 0:00:00]} c5 {[%emt 0:00:00]} 2. Nc3 {[%emt 0:00:00]} Nc6 {[%emt 0:00:00]} 3. Nge2 {[%emt 0:00:00]} Nd4 {[%emt 0:00:09]} 4. Nxd4 {[%emt 0:21:24]} cxd4 {[%emt 0:00:02]} 5. Nb5 {[%emt 0:01:26]} e5 {[%emt 0:05:50]} 6. Qh5 {[%emt 0:37:02]} d6 {[%emt 0:07:46]} 7. Bc4 {[%emt 0:01:08]} g6 {[%emt 0:04:27]} 8. Qf3 {[%emt 0:00:07]} Be6 {[%emt 0:12:24]} 9. Bxe6 {[%emt 0:01:36]} fxe6 {[%emt 0:00:02]} 10. c3 {[%emt 0:01:33]} a6 {[%emt 0:02:35]} 11. Na3 {[%emt 0:00:50]} Bg7 {[%emt 0:20:53]} 12. cxd4 {[%emt 0:04:21]} exd4 {[%emt 0:00:07]} 13. Qb3 {[%emt 0:00:36]} Qd7 {[%emt 0:04:02]} 14. Nc4 {[%emt 0:02:56]} Rd8 {[%emt 0:05:49]} 15. Nb6 {[%emt 0:00:43]} Qe7 {[%emt 0:07:26]} 16. Qa4+ {[%emt 0:03:41]} Kf7 {[%emt 0:00:06]} 17. O-O {[%emt 0:03:48]} Nf6 {[%emt 0:02:32]} 18. Qxd4 {[%emt 0:10:21]} Rhf8 {[%emt 0:05:18]} 19. Qb4 {[%emt 0:01:14]} Kg8 {[%emt 0:01:53]} 20. h3 {[%emt 0:00:38]} Nh5 {[%emt 0:02:17]} 21. d3 {[%emt 0:00:31]} Qf6 {[%emt 0:01:03]} 22. Qd2 {[%emt 0:04:59]} Qd4 {[%emt 0:03:09]} 23. Qe3 {[%emt 0:00:41]} Nf4 {[%emt 0:01:51]} 24. Qxd4 {[%emt 0:01:04]} Ne2+ {[%emt 0:01:15]} 25. Kh2 {[%emt 0:00:07]} Bxd4 {[%emt 0:00:30]} 26. Be3 {[%emt 0:00:19]} Bxb2 {[%emt 0:00:21]} 27. Rab1 {[%emt 0:00:01]} Bd4 {[%emt 0:01:00]} 28. Bxd4 Nxd4 {[%emt 0:00:02]} 29. f3 {[%emt 0:01:00]} Rf7 {[%emt 0:01:24]} 30. Rfc1 {[%emt 0:00:01]} Nc6 {[%emt 0:01:43]} 31. Kg3 {[%emt 0:00:55]} Kg7 {[%emt 0:01:24]} 32. Kf2 {[%emt 0:00:11]} Kf6 {[%emt 0:00:51]} 33. Ke3 {[%emt 0:00:01]} d5 {[%emt 0:03:26]} 34. Na4 {[%emt 0:00:28]} d4+ {[%emt 0:02:33]} 35. Kd2 {[%emt 0:00:01]} Rdd7 {[%emt 0:01:08]} 36. Nc5 {[%emt 0:00:05]} Rc7 {[%emt 0:00:03]} 37. Rb6 {[%emt 0:01:26]} a5 {[%emt 0:01:27]} 38. a3 {[%emt 0:02:35]} Ke5 {[%emt 0:00:53]} 39. Nxb7 {[%emt 0:00:42]} Rxb7 {[%emt 0:01:08]} 40. Rcxc6 {[%emt 0:00:00]} Kf4 {[%emt 0:00:00]} 41. Rxe6 {[%emt 0:13:37]} Kg3 {[%emt 0:03:56]} 42. Red6 {[%emt 0:03:08]} Rxb6 {[%emt 0:02:36]} 43. Rxb6 {[%emt 0:00:02]} Kxg2 {[%emt 0:00:15]} 44. Rd6 {[%emt 0:00:34]} Kxh3 {[%emt 0:00:15]} 45. Rxd4 {[%emt 0:09:26]} Kg3 {[%emt 0:00:19]} 46. e5 {[%emt 0:04:16]} 1/2-1/2

[Event "54th Rubinstein Memorial-A 2018"]
[Site "Polanica-Zdroj"]
[Date "2018.08.21"]
[Round "4"]
[White "Mika, Tomasz"]
[Black "Shishkin, Vadim"]
[Result "0-1"]
[WhiteElo "2120"]
[BlackElo "2461"]
[Annotator "TA"]
[PlyCount "136"]
[EventDate "2018.08.18"]
[EventType "swiss"]
[EventCountry "POL"]
[SourceTitle "playchess.com"]
[Source "ChessBase"]
[SourceQuality "1"]

{[%evp 17,136,49,52,56,58,24,43,-18,37,-33,41,-13,-6,-9,-6,-6,0,-12,21,0,0,0,6,-52,0,0,144,128,176,112,103,114,111,-54,-33,-39,-43,-49,-33,-36,-29,-58,-58,-60,-58,-56,-46,-81,-81,-132,-84,-98,-98,-91,-89,-88,-68,-82,-87,-130,-108,-129,-99,-102,-97,-100,-100,-125,-126,-130,-133,-145,-150,-136,-130,-127,-106,-107,-106,-106,-106,-107,-98,-100,-91,-99,-87,-102,-91,-208,-160,-210,-215,-312,-258,-332,-255,-337,-312,-350,-333,-425,-425,-412,-400,-386,-355,-436,-395,-492,-473,-514,-504,-580,-566,-570,-555,-739,-693,-2142,-2091]} 1. d4 Nf6 2. c4 e6 3. Nf3 b6 4. g3 Bb7 5. Bg2 g6 6. O-O Bg7 7. Nc3 O-O 8. Qc2 {A50: Damenindisch (ohne e7-e6)} (8. d5 exd5 9. cxd5 Re8 10. Nd4 c5 11. Ndb5 d6 12. Bf4 Bf8 13. a4 a6 14. Na3 Nh5 15. Bd2 Nd7 {1-0 (47) Ponomariov,R (2686)-Hou,Y (2658) Shenzhen 2018}) 8... d6 9. e4 Nbd7 {LiveBook: 13 Partien} 10. b3 {Weiß steht etwas besser.} c5 11. Rd1 Qe7 12. e5 $146 (12. Bb2 $14) ({Vorgänger:} 12. Bb2 cxd4 13. Nxd4 Nc5 14. b4 Na6 15. a3 {0-1 (55) Dutreuil,R (2390)-Mayer,P (2330) Le Port Marly 2013}) 12... Ne8 (12... dxe5 $11 13. dxe5 Bxf3 14. Bxf3 Rad8) 13. dxc5 ({Günstiger ist} 13. Bg5 $14 f6 14. exf6 Ndxf6 15. Rac1) 13... Nxc5 (13... dxe5 $15 14. cxb6 axb6) 14. Bf4 (14. b4 $14 Na6 15. Bg5) 14... dxe5 $11 15. Bxe5 f6 16. Bf4 e5 17. Be3 Rc8 18. Rd2 f5 19. Rad1 $36 {[%mdl 2048] Weiss hat Druck.} Nf6 20. Nb5 (20. b4 $11 e4 21. Ne1) 20... Nfe4 (20... Nce4 $15 21. Rd3 Bc6) 21. Bxc5 $1 Qxc5 {[#]} (21... Nxc5 $11 22. Nd6 Rc7 23. Nxb7 Nxb7) 22. Ng5 $1 $16 {[%mdl 512]} Bh6 {[#]} (22... Nxg5 23. Bxb7) 23. Nxe4 ({Schlechter ist} 23. Bxe4 fxe4 24. Ne6 Qc6 $14) (23. Ne6 $1 $18 {[%cal Re6c5]} Qe7 24. Rd7 Qxe6 25. Rxb7) 23... Bxe4 24. Bxe4 Bxd2 25. Rxd2 $2 (25. Bb7 $16 Bg5 26. Bxc8 Rxc8 27. a4 (27. Nxa7 Rc7 $17)) 25... fxe4 $15 26. Qxe4 Rcd8 27. Re2 Rf5 28. Nc3 Qd4 29. Qc2 Qd3 $1 30. Nd5 Qxc2 31. Rxc2 {[%mdl 4096] Endspiel KTT-KTS} Kf7 32. Ne3 Rf6 33. Re2 (33. Nd5 $142 Rc6 34. Re2) 33... Re6 34. Kf1 Rd7 35. Ke1 h5 36. h4 Re8 37. Nd5 {[#]} b5 $1 {[%mdl 512]} 38. Re3 {Tf3+ wäre jetzt gut für Weiss.} (38. cxb5 Rxd5) 38... Re6 39. Kd2 bxc4 40. bxc4 Ra6 41. a3 Ra4 42. Rc3 Ke6 43. Kc2 Ra5 44. Re3 Rc5 45. Kb3 {[#]} Rb7+ $1 46. Kc3 Ra5 47. Kc2 Kd6 48. Nc3 Kc6 49. Ne4 Rd7 50. Kb3 Ra6 51. Rf3 Rb7+ 52. Kc2 {Droht Tf6+ und aus.} Rab6 {Und weiter mit ...Tb2+ wäre nett.} 53. Rf6+ (53. Nd2 $17 {war nötig.}) 53... Kc7 54. Rf7+ Kd8 55. Nd6 (55. Ng5 $142) 55... Rd7 56. Rxd7+ Kxd7 $19 {KT-KS} 57. Ne4 Kc6 58. Nd2 Rb8 59. Kc3 Rf8 60. f3 Rd8 61. Kc2 Kb6 62. Kc3 Ka5 63. c5 Kb5 {Schwarz steht klar auf Gewinn.} 64. Nc4 Rd5 65. Nd6+ Kxc5 66. Ne4+ Kc6 67. g4 Rd4 68. Nf6 Rf4 {Precision: Weiß = 34%, Schwarz = 71%.} 0-1

[Event "54th Rubinstein Memorial-A 2018"]
[Site "Polanica-Zdroj"]
[Date "2018.08.21"]
[Round "4"]
[White "Bilczewski, Kacper"]
[Black "Okrucinski, Tadeusz"]
[Result "1/2-1/2"]
[WhiteElo "2089"]
[BlackElo "2182"]
[Annotator "TA"]
[PlyCount "81"]
[EventDate "2018.08.18"]
[EventType "swiss"]
[EventCountry "POL"]
[SourceTitle "playchess.com"]
[Source "ChessBase"]
[SourceQuality "1"]

{[%evp 28,81,18,15,58,42,70,51,41,25,31,29,16,0,0,0,0,0,0,0,0,0,0,0,0,2,2,0,0,0,10,0,0,0,0,0,22,22,21,22,38,39,48,54,73,24,25,27,32,15,16,5,26,0,18,0]} 1. e4 c5 2. c3 d5 3. exd5 Qxd5 4. d4 Nf6 5. Nf3 cxd4 6. cxd4 e6 7. Nc3 Qd6 8. Be2 Be7 9. O-O O-O 10. Nb5 Qd8 11. Bf4 Nc6 12. Rc1 Nd5 13. Bg3 a6 14. Nc3 Nxc3 15. bxc3 {LiveBook: 39 Games} Qa5 {B22: Sicilian: 2 c3} (15... Ba3 16. Rb1 b5 17. Bd3 Bb7 18. Qc2 h6 19. Qe2 Ne7 20. Ne5 Rc8 21. Rb3 Bd6 22. c4 {½-½ (22) Kislinsky,A (2512)-Oleksienko,M (2609) Lutsk 2018}) 16. Qb3 Rd8 17. Rfd1 Qa3 $146 {White is slightly better.} ({Predecessor:} 17... Ba3 18. Rb1 b5 19. c4 bxc4 20. Bxc4 Ne7 21. Ne5 Bd6 22. Nxf7 Rb8 23. Qf3 Rxb1 24. Rxb1 Bxg3 25. Nxd8 Bxh2+ 26. Kxh2 Qxd8 {1-0 (39) Ynojosa Aponte,F (2405)-Escobar Forero,A (2466) Badalona 2013}) 18. c4 Qxb3 19. axb3 Bf6 {[%cal Rf6d4]} 20. d5 exd5 21. cxd5 Nb4 22. d6 {Threatens to win with Rc7.} Na2 23. Rc7 {[#] Black must now prevent Bc4.} Nc3 24. Re1 {Strongly threatening Bc4.} Nxe2+ 25. Rxe2 b5 26. b4 h6 27. h3 Be6 28. Rd2 Rac8 29. Rdc2 Ra8 30. R2c5 a5 31. bxa5 $1 ({Don't go for} 31. Rxb5 $2 a4 $19) 31... Rxa5 32. Rb7 Ra1+ 33. Kh2 Bc4 34. Nd2 Bd4 35. Rcc7 Be6 36. Nf3 Bf6 37. Rxb5 Rd1 38. Rbb7 Ra8 39. Ra7 Rb8 40. Rab7 Ra8 41. Ra7 {Precision: White = 51%, Black = 78%.} 1/2-1/2

[Event "54th Rubinstein Memorial-A 2018"]
[Site "Polanica-Zdroj"]
[Date "2018.08.21"]
[Round "4"]
[White "Mazalon, Mariusz"]
[Black "Frolov, Artur"]
[Result "0-1"]
[WhiteElo "2055"]
[BlackElo "2420"]
[Annotator "TA"]
[PlyCount "84"]
[EventDate "2018.08.18"]
[EventType "swiss"]
[EventCountry "POL"]
[SourceTitle "playchess.com"]
[Source "ChessBase"]
[SourceQuality "1"]

{[%evp 17,84,-15,-15,-18,-22,-31,0,-40,-24,-15,-20,-19,-37,-15,-36,-18,0,0,0,-25,0,0,0,0,0,0,0,0,44,35,38,8,24,-30,-23,-25,-15,-33,-30,-37,-17,-26,-17,-24,-17,-24,-17,-24,-17,-24,-24,-27,-27,-90,-100,-70,-82,-306,-283,-295,-119,-354,0,-479,-457,-29978,-29979,-6099,-2417]} 1. d4 Nf6 2. c4 g6 3. Nc3 Bg7 4. e4 d6 5. Bg5 {[%cal Bc1g5,Bg5h4,Bh4g3][%mdl 32]} h6 6. Bh4 c5 7. d5 Qa5 8. Qd2 g5 {E70: Königsindisch (Weiß spielt früh e2-e4)} 9. Bg3 Nh5 {LiveBook: 8 Partien} 10. Bd3 Nd7 {Die Stellung ist ausgeglichen.} 11. Nge2 Ne5 12. O-O Bd7 $146 ({Vorgänger:} 12... Nxg3 13. Nxg3 h5 14. Be2 g4 15. a3 Qb6 16. Qc2 {0-1 (46) Dzagnidze,N (2479)-Arakhamia Grant,K (2447) Rijeka 2010}) 13. a3 $1 Nxg3 14. Nxg3 h5 15. Be2 g4 16. Nf5 Bxf5 17. exf5 Nd7 18. Qc2 Bxc3 19. bxc3 O-O-O 20. Rfb1 Kb8 21. Rb5 Qc7 22. Rab1 b6 23. a4 a6 24. R5b2 {Und a5 würde nun gewinnen.} (24. Rxb6+ $5 Nxb6 25. a5 $14) 24... Ka7 25. Bd1 (25. a5 $142 bxa5 26. Ra1) 25... Rb8 $11 26. Qe4 Ne5 27. f4 gxf3 $1 28. Bxf3 h4 29. Bd1 a5 30. Rf2 Rh6 31. Rf4 Rbh8 32. Rb2 Qd8 33. Re2 Qg8 34. Qc2 Qg5 35. Ree4 (35. Qe4 $11) 35... Rf6 $1 $36 {[%mdl 2048] Schwarz bestimmt, wo es lang geht.} 36. Bg4 e6 {[%cal Re6f5]} 37. dxe6 $2 (37. Qe2 $17) 37... fxe6 $19 38. Qd2 {zielt auf Txe5! ab.} Nxg4 (38... exf5 $19 {und Schwarz behält klar die Oberhand.} 39. Rxe5 dxe5 40. Qd7+ Ka6 41. Qb5+ Ka7 42. Qd7+ Kb8) 39. Qxd6 $2 (39. h3 $17) 39... e5 $2 ({Vergiftet wäre} 39... Rxf5 $2 40. Qc7+ Ka8 41. Qc6+ Ka7 {[#]} 42. Rxe6 $1 $18 {[%mdl 512]}) ({Und nicht} 39... exf5 40. Re7+ Ka8 41. Qd7 $1 {[%mdl 512]} Qxf4 42. Qb7#) (39... Ka6 $1 $19 40. h3 Nh6 41. fxe6 Rg8) 40. Qe7+ $2 {[%mdl 8192]} (40. Qd7+ $11 {und Weiss steht sicher.} Kb8 41. Rxg4 Qc1+ 42. Kf2 Qc2+ 43. Kf1) 40... Kb8 41. Rxg4 (41. Rf3 $19 h3 42. gxh3 Nh6+ 43. Kf2) 41... Qc1+ 42. Kf2 Rxf5+ {Precision: Weiß = 22%, Schwarz = 58%.} 0-1

[Event "54th Rubinstein Memorial-A 2018"]
[Site "Polanica-Zdroj"]
[Date "2018.08.21"]
[Round "4"]
[White "Kaminski, Jan"]
[Black "Jaskolka, Tomasz"]
[Result "0-1"]
[WhiteElo "2026"]
[BlackElo "2165"]
[Annotator "NA"]
[PlyCount "116"]
[EventDate "2018.08.18"]
[EventType "swiss"]
[EventCountry "POL"]
[SourceTitle "playchess.com"]
[Source "ChessBase"]
[SourceQuality "1"]
[TimeControl "40/5400+30:1800+30"]

1. e4 c6 2. d4 d5 3. exd5 cxd5 4. Bd3 Nc6 5. c3 Nf6 6. Bf4 g6 7. Nd2 Bg7 8. Ngf3 Nh5 9. Be3 Qd6 10. Qb3 Bd7 11. h3 Na5 12. Qc2 b5 13. O-O O-O 14. Nb3 Nc4 15. Nc5 Rfc8 16. b4 a5 17. Bxc4 dxc4 18. Ne5 Bc6 19. Nxc6 Qxc6 20. a3 Nf6 21. Qd2 Nd5 22. Bg5 Rc7 23. Qb2 Rca7 24. f4 Qd6 25. Ne4 Qc6 26. Nc5 Qd6 27. Ne4 Qc6 28. Nc5 e6 29. bxa5 Nxc3 30. Qxc3 Qxc5 31. dxc5 Bxc3 32. Rab1 Bd4+ 33. Kh2 Rxa5 34. Be7 Rc8 35. c6 Rxc6 36. Rfd1 e5 37. fxe5 Bxe5+ 38. Kg1 Kg7 39. Rd5 Bf4 40. Bb4 Ra8 41. Rb2 Be3+ 42. Kh2 Bc1 43. Ra2 Rb8 44. Rc2 Bh6 45. Rd7 Bf4+ 46. g3 Be5 47. Kg2 Bf6 48. Rd5 Re6 49. Kf3 Re5 50. Rd7 Rbe8 51. Rb7 Re3+ 52. Kg2 Rb3 53. Rxb5 Ree3 54. g4 Rg3+ 55. Kf2 Bd4+ 56. Kf1 Rg1+ 57. Ke2 Rg2+ 58. Kd1 Rb1+ 0-1

[Event "54th Rubinstein Memorial-A 2018"]
[Site "Polanica-Zdroj"]
[Date "2018.08.21"]
[Round "4"]
[White "Vanduyfhuys, Daria"]
[Black "Zaleski, Lukasz"]
[Result "1/2-1/2"]
[WhiteElo "1878"]
[BlackElo "2164"]
[Annotator "TA"]
[PlyCount "86"]
[EventDate "2018.08.18"]
[EventType "swiss"]
[EventCountry "POL"]
[SourceTitle "playchess.com"]
[Source "ChessBase"]
[SourceQuality "1"]

{[%evp 19,86,35,38,19,14,11,13,-39,-15,-47,-46,-44,-49,-39,-35,-55,-17,-37,-36,-37,-19,-29,-30,-29,-36,-50,0,0,67,58,62,0,0,0,0,0,0,12,10,24,20,12,30,0,0,0,0,0,0,0,0,0,0,0,0,0,0,0,0,0,0,0,0,0,0,0,0,0,0]} 1. d4 e6 2. c4 Nf6 3. Nf3 Bb4+ 4. Bd2 Qe7 5. g3 O-O 6. Nc3 d6 7. Bg2 Bxc3 8. Bxc3 Ne4 9. Qc2 f5 {[%cal Bf7f5,Bf5f4][%mdl 32]} 10. O-O Nd7 11. Nd2 {A90: Holländische Verteidigung (Klassisches System, Stonewall und Varianten mit Lb4)} Nxc3 12. Qxc3 e5 $1 13. e4 $146 ({Besser ist} 13. c5 $11) ({Vorgänger:} 13. e3 c6 14. f4 e4 15. g4 h6 16. Rae1 Nf6 17. g5 hxg5 18. fxg5 Nh5 {0-1 (31) Kummer,H (2310)-Loginov,V (2610) Vienna 1994}) 13... f4 14. d5 a5 15. Bh3 Nc5 16. Bxc8 Rfxc8 17. b3 c6 18. gxf4 exf4 19. Rae1 Re8 20. Kh1 Qe5 21. Qxe5 Rxe5 22. f3 Nd3 23. Rd1 c5 (23... Rh5 $11) 24. Nb1 $14 Nb4 $1 25. Nc3 (25. Rf2 $14) 25... Nc2 $1 $11 26. Rd2 Nd4 27. Ne2 Nxe2 28. Rxe2 {[%mdl 4096] Endspiel KTT-KTT} g5 29. h4 a4 30. b4 cxb4 31. Rb2 {[#]} g4 $1 {[%mdl 512] Die Stellung ist ausgeglichen.} 32. fxg4 Rxe4 33. Rxb4 f3 34. Rxf3 Rxg4 35. Rf6 Re8 36. Rxd6 h5 37. Re6 Rxh4+ 38. Kg2 Rxe6 39. dxe6 Re4 40. Rxa4 Rxe6 41. Ra8+ Kf7 42. Ra7 Kf6 43. Rxb7 Re2+ {Precision: Weiß = 67%, Schwarz = 72%.} 1/2-1/2

[Event "54th Rubinstein Memorial-A 2018"]
[Site "Polanica-Zdroj"]
[Date "2018.08.21"]
[Round "5"]
[White "Stachowiak, Kamil"]
[Black "Rosicki, Marcin"]
[Result "1/2-1/2"]
[WhiteElo "2447"]
[BlackElo "2002"]
[Annotator "ChessBase"]
[PlyCount "116"]
[EventDate "2018.08.18"]
[EventType "swiss"]
[EventCountry "POL"]
[SourceTitle "playchess.com"]
[Source "ChessBase"]
[SourceQuality "1"]
[TimeControl "40/5400+30:1800+30"]

1. c4 {[%emt 0:00:00]} Nf6 {[%emt 0:00:00]} 2. Nf3 {[%emt 0:00:00]} g6 {[%emt 0:00:00]} 3. g3 {[%emt 0:00:16]} Bg7 {[%emt 0:00:00]} 4. Bg2 {[%emt 0:00:08]} O-O {[%emt 0:00:01]} 5. Nc3 {[%emt 0:00:16]} d6 {[%emt 0:00:12]} 6. O-O {[%emt 0:00:34]} Nc6 {[%emt 0:00:11]} 7. Rb1 {[%emt 0:04:47]} a6 {[%emt 0:01:22]} 8. b4 {[%emt 0:01:19]} Ng4 {[%emt 0:07:35]} 9. Qc2 {[%emt 0:09:12]} Nge5 {[%emt 0:06:57]} 10. Nxe5 {[%emt 0:00:52]} Nxe5 {[%emt 0:00:09]} 11. d3 {[%emt 0:01:03]} Rb8 {[%emt 0:01:52]} 12. a4 {[%emt 0:08:32]} Bd7 {[%emt 0:06:07]} 13. h3 {[%emt 0:06:49]} Bc6 {[%emt 0:08:42]} 14. e4 {[%emt 0:04:19]} b6 {[%emt 0:01:04]} 15. f4 {[%emt 0:02:49]} Nd7 {[%emt 0:00:13]} 16. Be3 {[%emt 0:00:22]} Bb7 {[%emt 0:18:47]} 17. Rb3 {[%emt 0:21:20]} f5 18. d4 {[%emt 0:12:55]} fxe4 {[%emt 0:23:04]} 19. Nxe4 {[%emt 0:01:20]} Nf6 {[%emt 0:00:08]} 20. Ng5 {[%emt 0:02:04]} Bxg2 {[%emt 0:00:40]} 21. Kxg2 {[%emt 0:05:12]} Qd7 {[%emt 0:00:20]} 22. Rbb1 {[%emt 0:00:41]} Qc6+ {[%emt 0:09:14]} 23. Kh2 {[%emt 0:00:48]} b5 {[%emt 0:00:05]} 24. axb5 {[%emt 0:03:48]} axb5 {[%emt 0:00:08]} 25. c5 {[%emt 0:00:50]} d5 {[%emt 0:03:29]} 26. f5 {[%emt 0:05:26]} h6 {[%emt 0:06:22]} 27. Ne6 {[%emt 0:00:25]} Rfe8 {[%emt 0:01:07]} 28. Nxg7 {[%emt 0:03:50]} Kxg7 {[%emt 0:00:04]} 29. fxg6 {[%emt 0:00:06]} Ne4 {[%emt 0:00:15]} 30. Rf7+ {[%emt 0:01:35]} Kxg6 {[%emt 0:02:35]} 31. Rbf1 {[%emt 0:00:01]} Qe6 {[%emt 0:00:17]} 32. R7f4 {[%emt 0:02:29]} Kg7 {[%emt 0:03:15]} 33. Rh4 {[%emt 0:00:47]} Rh8 {[%emt 0:00:22]} 34. Bf4 {[%emt 0:00:14]} Rbf8 {[%emt 0:00:45]} 35. Qe2 {[%emt 0:00:21]} Ng5 {[%emt 0:01:01]} 36. Be5+ {[%emt 0:01:42]} Kh7 {[%emt 0:00:18]} 37. Rff4 {[%emt 0:00:42]} Rhg8 {[%emt 0:00:47]} 38. Qf1 {[%emt 0:00:32]} Rxf4 {[%emt 0:00:43]} 39. Rxf4 {[%emt 0:00:06]} Ra8 {[%emt 0:00:25]} 40. h4 {[%emt 0:00:00]} Ra2+ {[%emt 0:00:00]} 41. Kh1 {[%emt 0:05:20]} Qh3+ {[%emt 0:21:40]} 42. Qxh3 {[%emt 0:00:09]} Nxh3 {[%emt 0:00:14]} 43. Rf7+ {[%emt 0:02:20]} Kg6 {[%emt 0:00:06]} 44. Rxe7 {[%emt 0:00:08]} c6 {[%emt 0:04:47]} 45. Re6+ {[%emt 0:08:06]} Kf5 {[%emt 0:00:04]} 46. Rxc6 {[%emt 0:00:14]} Nf2+ {[%emt 0:00:09]} 47. Kg1 {[%emt 0:01:08]} Ng4 {[%emt 0:00:09]} 48. Rc8 {[%emt 0:06:42]} Ra1+ {[%emt 0:00:55]} 49. Kg2 {[%emt 0:00:06]} Ra2+ {[%emt 0:00:14]} 50. Kf1 {[%emt 0:02:50]} Ne3+ {[%emt 0:02:45]} 51. Ke1 {[%emt 0:07:22]} Ke4 {[%emt 0:00:15]} 52. Bf4 {[%emt 0:00:58]} Ng2+ {[%emt 0:03:27]} 53. Kf1 {[%emt 0:00:59]} Kf3 {[%emt 0:00:09]} 54. Kg1 {[%emt 0:00:10]} Nxf4 {[%emt 0:00:09]} 55. gxf4 {[%emt 0:00:08]} Ra1+ {[%emt 0:00:04]} 56. Kh2 {[%emt 0:00:05]} Ra2+ {[%emt 0:00:03]} 57. Kh3 {[%emt 0:00:18]} Ra1 {[%emt 0:00:02]} 58. Kh2 {[%emt 0:00:22]} Ra2+ {[%emt 0:00:03]} 1/2-1/2